000 00826aas a2200229 4500
999 _c53854
_d53854
001 768714001
003 CO-MdFUSB
005 20171128143227.0
008 170808s1977 xxu||||| |||| 00| 0 eng d
022 _a0098-9444
040 _aCO-MdFUSB
_bspa
_cCO-MdFUSB
_dCO-MdFUSB
041 _aeng
100 1 _aEshel, Hanan
_eautor
242 1 0 _aAelia Capitolina :
_bJerusalén no más
245 1 0 _aAelia Capitolina :
_bJerusalem no more
300 _aVolumen 23. Número 6 (1997), páginas 46-48
_c: 28 cm.
520 1 _aRelación entre Aelia Capitolia y la segunda revuelta Judía relatada en el libro de Josefo.
546 _aTexto en inglés
650 7 _9403
_aExcavaciones arqueológicas
773 0 _tBiblical Archaeology Review
_049395
_959487
_gVolumen 23. Número 6 (1997), páginas 46-48
_qPágina 46
942 _cANA